000 00392nam a2200157Ia 4500
008 160319s9999 xx 000 0 und d
020 _a0-070714274
050 _a540
050 _b.W853i 1988
100 _aWolfe, Drew H.
245 _aIntroduction To College Chemistry /
245 _c D. H. Wolfe
260 _b McGraw-Hill Higher Education.
260 _c1988
300 _a665 pages
999 _c292002
_d292002